LDR 00670naa#a2200181#i#450# 001 EN\\bibl\118691 005 20260516044942.6 011 ## _a1994-4683 100 ## _a20230428b2023####ek#y0engy0150####ca 102 ## _aRU 200 1# _aDYNAMIC OF THE LATENT TIME OF THE DEVELOPED MUSCLES TENSION WHILE PERFORMING VARIOUS TRAINING EXERCISES IN POWERLIFTING _eJournal article 210 1# _aMoscow _cNational State University of Physical Education, Sports and Health named after P.F. Lesgaft _d2023 215 ## _a5 с. 608 ## _aJournal article _2local 675 ## _aСиловой спорт. 796.894 _z 700 #1 _aZakharova _gT P 700 #1 _aRudenko _gI V 856 4# _auchzapiski.lesgaft.spb.ru _u